[Event "Pardubice Czech op-A 26th"]
[Site "Pardubice"]
[Date "2015.07.28"]
[Round "5"]
[White "Gutman, Gennadi"]
[Black "Sorm, Daniel"]
[Result "1-0"]
[WhiteElo "2468"]
[BlackElo "2347"]
[PlyCount "71"]
[EventDate "2015.07.24"]
[EventType "swiss"]
[EventRounds "9"]
[EventCountry "CZE"]
[SourceTitle "CBM 167 Extra"]
[Source "ChessBase"]
[SourceDate "2015.09.14"]
[SourceVersion "1"]
[SourceVersionDate "2015.09.14"]
[SourceQuality "1"]

1. d4 d5 2. Nf3 c6 3. c4 e6 4. Nc3 dxc4 5. a4 Bb4 6. e3 b5 7. Bd2 a5 8. axb5
Bxc3 9. Bxc3 cxb5 10. b3 Bb7 11. bxc4 b4 12. Bb2 Nf6 13. Bd3 Nbd7 14. O-O O-O
15. Nd2 Qc7 16. Bc2 Rfc8 17. c5 e5 18. Re1 exd4 19. exd4 Re8 20. Rxe8+ Rxe8 21.
Nc4 Ra8 22. Nd6 Bd5 23. Bc1 Nf8 24. Bg5 Ne8 25. Nf5 f6 26. Bf4 Qb7 27. Ba4 Ng6
28. Bg3 Ne7 29. Ne3 Bf7 30. d5 Bxd5 31. Nxd5 Nxd5 32. c6 Qf7 33. Bb3 Rd8 34.
Rxa5 Nec7 35. Bxc7 Qxc7 36. Rxd5 1-0

[Event "Pardubice Czech op-A 27th"]
[Site "Pardubice"]
[Date "2016.07.23"]
[Round "2"]
[White "Gutman, Gennadi"]
[Black "Grigorian, Spartak"]
[Result "1-0"]
[WhiteElo "2473"]
[BlackElo "2340"]
[PlyCount "53"]
[EventDate "2016.07.22"]
[EventType "swiss"]
[EventRounds "9"]
[EventCountry "CZE"]
[SourceTitle "CBM 173 Extra"]
[Source "ChessBase"]
[SourceDate "2016.08.29"]
[SourceVersion "1"]
[SourceVersionDate "2016.08.29"]
[SourceQuality "1"]

1. d4 Nf6 2. c4 e6 3. Nc3 Bb4 4. f3 c5 5. d5 O-O 6. e4 d6 7. Bd2 Nbd7 8. Nge2
Ne5 9. Ng3 exd5 10. cxd5 Bd7 11. Be2 c4 12. Be3 Re8 13. O-O b5 14. Kh1 Ba5 15.
a4 a6 16. axb5 axb5 17. Bd4 b4 18. Nb1 Qc7 19. Nd2 c3 20. Rc1 Rec8 21. f4 c2
22. Qe1 Ng6 23. b3 Bb6 24. Bxf6 gxf6 25. Nc4 Ra2 26. f5 Ne5 27. Nh5 1-0

[Event "Pardubice Czech op-A 27th"]
[Site "Pardubice"]
[Date "2016.07.24"]
[Round "3"]
[White "Stella, Andrea"]
[Black "Gutman, Gennadi"]
[Result "0-1"]
[WhiteElo "2409"]
[BlackElo "2473"]
[PlyCount "92"]
[EventDate "2016.07.22"]
[EventType "swiss"]
[EventRounds "9"]
[EventCountry "CZE"]
[SourceTitle "CBM 173 Extra"]
[Source "ChessBase"]
[SourceDate "2016.08.29"]
[SourceVersion "1"]
[SourceVersionDate "2016.08.29"]
[SourceQuality "1"]

1. d4 Nf6 2. c4 e6 3. Nc3 Bb4 4. e3 b6 5. Bd3 Bb7 6. Nf3 Ne4 7. O-O f5 8. Qc2
Bxc3 9. bxc3 O-O 10. Ne1 Qh4 11. f3 Ng5 12. d5 Na6 13. Ba3 Rfe8 14. e4 fxe4 15.
fxe4 d6 16. e5 exd5 17. Nf3 Nxf3+ 18. Rxf3 h6 19. exd6 cxd6 20. Raf1 Nc5 21.
Bxc5 dxc5 22. Rf7 Rab8 23. Bg6 Re1 24. Qa4 Rxf1+ 25. Rxf1 Qe7 26. Qxa7 Ra8 27.
Qxb6 dxc4 28. Bf7+ Kh8 29. Qb1 Qe3+ 30. Kh1 Qe2 31. Rg1 Be4 32. Qb6 Rf8 33. Qe6
Bxg2+ 34. Rxg2 Qf1+ 35. Rg1 Qf3+ 36. Rg2 Rxf7 37. h3 Rf5 38. Kh2 Qf4+ 39. Kg1
Re5 40. Qc8+ Kh7 41. Rf2 Rg5+ 42. Rg2 Re5 43. Rf2 Re1+ 44. Kg2 Qe4+ 45. Rf3
Re2+ 46. Kg3 Qe5+ 0-1

[Event "Pardubice Czech op-A 27th"]
[Site "Pardubice"]
[Date "2016.07.28"]
[Round "7"]
[White "Gutman, Gennadi"]
[Black "Kvetny, Mark"]
[Result "1-0"]
[WhiteElo "2473"]
[BlackElo "2379"]
[PlyCount "81"]
[EventDate "2016.07.22"]
[EventType "swiss"]
[EventRounds "9"]
[EventCountry "CZE"]
[SourceTitle "CBM 173 Extra"]
[Source "ChessBase"]
[SourceDate "2016.08.29"]
[SourceVersion "1"]
[SourceVersionDate "2016.08.29"]
[SourceQuality "1"]

1. d4 d5 2. Nf3 Nf6 3. c4 dxc4 4. e3 e6 5. Bxc4 c5 6. O-O a6 7. Bb3 Be7 8. Qe2
cxd4 9. Rd1 O-O 10. e4 Nc6 11. e5 Nd7 12. Bc2 Nc5 13. Nc3 d3 14. Bxd3 Nxd3 15.
Rxd3 Qe8 16. Bg5 Bd7 17. Rad1 Rd8 18. Ne4 Nb4 19. Nd6 Bxd6 20. Rxd6 Bb5 21. Qe4
Rxd6 22. Rxd6 Nd5 23. Rd8 Qxd8 24. Bxd8 Rxd8 25. Ng5 h6 26. Qh7+ Kf8 27. Nxe6+
fxe6 28. Qh8+ Ke7 29. Qxg7+ Ke8 30. h4 h5 31. Qxb7 Nf4 32. Kh2 Rd4 33. Qa8+ Ke7
34. Qa7+ Rd7 35. Qe3 Nd3 36. Qg5+ Kf8 37. a4 Bc4 38. Qxh5 Rf7 39. f3 Rg7 40.
Qh6 Ne1 41. Qf4+ 1-0

[Event "Pardubice Czech op-A 28th"]
[Site "Pardubice"]
[Date "2017.07.22"]
[Round "2"]
[White "Gutman, Gennadi"]
[Black "Nyysti, Sampsa"]
[Result "1-0"]
[WhiteElo "2480"]
[BlackElo "2344"]
[PlyCount "61"]
[EventDate "2017.07.21"]
[EventType "swiss"]
[EventRounds "9"]
[EventCountry "CZE"]
[SourceTitle "CBM 179 Extra"]
[Source "ChessBase"]
[SourceDate "2017.08.23"]
[SourceVersion "1"]
[SourceVersionDate "2017.08.23"]
[SourceQuality "1"]

1. d4 Nf6 2. Nf3 e6 3. c4 b6 4. Nc3 Bb4 5. Bg5 h6 6. Bh4 g5 7. Bg3 Ne4 8. Qc2
Bb7 9. Nd2 Bxc3 10. bxc3 Nxd2 11. Qxd2 f5 12. f3 d6 13. e4 f4 14. Bf2 Nd7 15.
a4 a5 16. h4 Qf6 17. c5 g4 18. cxd6 g3 19. Bg1 cxd6 20. Bb5 d5 21. Rb1 Rc8 22.
e5 Qf5 23. Bd3 Qh5 24. Qxf4 Rxc3 25. Qd2 Rc4 26. Be3 Rxa4 27. Qc2 Rc4 28. Bxc4
dxc4 29. Qxc4 Bd5 30. Qc8+ Ke7 31. Qxh8 1-0

[Event "Pardubice Czech op-A 28th"]
[Site "Pardubice"]
[Date "2017.07.24"]
[Round "4"]
[White "Gutman, Gennadi"]
[Black "Rydl, Jiri"]
[Result "1-0"]
[WhiteElo "2480"]
[BlackElo "2395"]
[PlyCount "109"]
[EventDate "2017.07.21"]
[EventType "swiss"]
[EventRounds "9"]
[EventCountry "CZE"]
[SourceTitle "CBM 179 Extra"]
[Source "ChessBase"]
[SourceDate "2017.08.23"]
[SourceVersion "1"]
[SourceVersionDate "2017.08.23"]
[SourceQuality "1"]

1. d4 d5 2. Nf3 c6 3. c4 Nf6 4. Nc3 e6 5. e3 Nbd7 6. b3 Bb4 7. Bd2 Bd6 8. Bd3
O-O 9. O-O a6 10. Rc1 Re8 11. Qc2 h6 12. h3 Qe7 13. Rfe1 e5 14. e4 dxc4 15.
Bxc4 exd4 16. Nxd4 Ne5 17. Nf5 Bxf5 18. exf5 Qc7 19. Be2 Ned7 20. Bf1 Bh2+ 21.
Kh1 Bf4 22. Rxe8+ Rxe8 23. Re1 Bxd2 24. Rxe8+ Nxe8 25. Qxd2 Nef6 26. g4 Qa5 27.
Bg2 Qb4 28. Qe3 Nb6 29. Qe5 Nbd7 30. Qe3 a5 31. f4 Qc5 32. Qd2 Nf8 33. Bf3 N6d7
34. Ne4 Qb5 35. Kg2 Qb6 36. Qc3 Qc7 37. Qd2 Nh7 38. Qd6 Qxd6 39. Nxd6 Nc5 40.
Kf2 Nf6 41. Ke3 Nfd7 42. Nc4 a4 43. b4 Na6 44. a3 b5 45. Bxc6 bxc4 46. Bxd7
Nxb4 47. Bxa4 Nd5+ 48. Kd4 Nxf4 49. Kxc4 Kf8 50. Bc6 Ke7 51. a4 Kd6 52. Be4
Nxh3 53. a5 Kc7 54. Kb5 Nf2 55. Bf3 1-0

[Event "Pardubice Czech op-A 29th"]
[Site "Pardubice"]
[Date "2018.07.25"]
[Round "6"]
[White "Sarkar, Justin"]
[Black "Gutman, Gennadi"]
[Result "0-1"]
[WhiteElo "2307"]
[BlackElo "2476"]
[PlyCount "80"]
[EventDate "2018.07.20"]
[EventType "swiss"]
[EventRounds "9"]
[EventCountry "CZE"]
[SourceTitle "CBM 185 Extra"]
[Source "ChessBase"]
[SourceDate "2018.07.29"]
[SourceVersion "1"]
[SourceVersionDate "2018.07.29"]
[SourceQuality "1"]

1. d4 Nf6 2. c4 Nc6 3. Nf3 e6 4. Nc3 Bb4 5. Bg5 h6 6. Bh4 g5 7. Bg3 Ne4 8. Qc2
d5 9. e3 h5 10. h3 Nxg3 11. fxg3 Qd6 12. Kf2 Qd8 13. cxd5 exd5 14. Bb5 Kf8 15.
a3 Be7 16. Bxc6 bxc6 17. Ne5 Rh6 18. Rhf1 Bd6 19. Nxc6 Qe8 20. Nb5 Ba6 21. a4
Kg7 22. Qc3 Bxg3+ 23. Kxg3 Rxc6 24. Qd3 Qe7 25. Rf3 Re6 26. Qa3 Re8 27. Qxe7
R8xe7 28. Kf2 c6 29. Nc3 Rb7 30. Nd1 Bd3 31. Ke1 Bc2 32. Nc3 Bg6 33. Ra2 g4 34.
hxg4 hxg4 35. Rg3 f5 36. a5 Re8 37. Kd2 Reb8 38. Kc1 Kf6 39. Na4 Kg5 40. Nc5
Re7 0-1

[Event "Pardubice Czech op-A 29th"]
[Site "Pardubice"]
[Date "2018.07.26"]
[Round "7"]
[White "Gutman, Gennadi"]
[Black "Mencinger, Vojko"]
[Result "1-0"]
[WhiteElo "2476"]
[BlackElo "2342"]
[PlyCount "83"]
[EventDate "2018.07.20"]
[EventType "swiss"]
[EventRounds "9"]
[EventCountry "CZE"]
[SourceTitle "CBM 185 Extra"]
[Source "ChessBase"]
[SourceDate "2018.07.29"]
[SourceVersion "1"]
[SourceVersionDate "2018.07.29"]
[SourceQuality "1"]

1. d4 Nf6 2. c4 e6 3. Nc3 d5 4. Bg5 c6 5. e3 Nbd7 6. Qc2 Qa5 7. Bh4 dxc4 8.
Bxc4 b5 9. Bd3 b4 10. Qa4 Qxa4 11. Nxa4 c5 12. Nxc5 Bxc5 13. dxc5 Nxc5 14. Be2
Nfd7 15. Nf3 Ba6 16. Bxa6 Nxa6 17. Rc1 f6 18. Nd4 Kf7 19. Ke2 Rhc8 20. f3 Nac5
21. b3 a5 22. Rc2 g6 23. Rhc1 Ke7 24. f4 Rab8 25. e4 Kd6 26. Rd1 Ke7 27. Rdc1
Kd6 28. Ke3 e5 29. fxe5+ fxe5 30. Nf3 h6 31. Bg3 Rb5 32. Rd1+ Ke6 33. Rd5 Nxe4
34. Rxb5 Rxc2 35. Kxe4 Rxa2 36. Nxe5 Rxg2 37. Nxd7 Kxd7 38. Rxa5 h5 39. Rb5 h4
40. Bf4 g5 41. Rxg5 Rb2 42. Rd5+ 1-0

[Event "Pardubice op rapid 30th"]
[Site "Pardubice"]
[Date "2019.07.17"]
[Round "3"]
[White "Gutman, Gennadi"]
[Black "Ter Saakian, Grigorii"]
[Result "1-0"]
[WhiteElo "2466"]
[BlackElo "2338"]
[PlyCount "55"]
[EventDate "2019.07.17"]
[EventType "swiss (rapid)"]
[EventRounds "9"]
[EventCountry "CZE"]
[SourceTitle "CBM 191 Extra"]
[Source "ChessBase"]
[SourceDate "2019.09.30"]
[SourceVersion "1"]
[SourceVersionDate "2019.09.30"]
[SourceQuality "1"]

1. d4 d5 2. Nf3 Nf6 3. c4 c6 4. Nc3 e6 5. e3 Nbd7 6. Bd3 dxc4 7. Bxc4 b5 8. Bd3
Bb7 9. e4 b4 10. Na4 c5 11. e5 Nd5 12. O-O Rc8 13. Nxc5 Nxc5 14. dxc5 Bxc5 15.
Ng5 Be7 16. Qh5 g6 17. Qh6 Bf8 18. Qh3 Be7 19. Ne4 O-O 20. Bh6 Re8 21. Rad1 Qb6
22. Bg5 Bf8 23. Rfe1 Kh8 24. Bb1 Rc6 25. Nf6 Nxf6 26. Bxf6+ Kg8 27. Rd7 Rc7 28.
Bxg6 1-0

[Event "Pardubice op rapid 30th"]
[Site "Pardubice"]
[Date "2019.07.19"]
[Round "7"]
[White "Gutman, Gennadi"]
[Black "Vavra, Pavel"]
[Result "1-0"]
[WhiteElo "2466"]
[BlackElo "2367"]
[PlyCount "65"]
[EventDate "2019.07.17"]
[EventType "swiss (rapid)"]
[EventRounds "9"]
[EventCountry "CZE"]
[SourceTitle "CBM 191 Extra"]
[Source "ChessBase"]
[SourceDate "2019.09.30"]
[SourceVersion "1"]
[SourceVersionDate "2019.09.30"]
[SourceQuality "1"]

1. d4 e6 2. Nf3 f5 3. d5 Nf6 4. dxe6 dxe6 5. Qxd8+ Kxd8 6. Nc3 Bd6 7. e4 Bb4 8.
Bd2 Bxc3 9. Bxc3 Nxe4 10. Bxg7 Rg8 11. Be5 Nc6 12. Rd1+ Bd7 13. Bc4 Kc8 14. Bg3
Nb4 15. O-O b5 16. Bb3 a5 17. Ne5 Nd6 18. Nxd7 Kxd7 19. Rfe1 Rg6 20. a4 bxa4
21. Bxa4+ Ke7 22. c3 Na6 23. Re5 Nc4 24. Bh4+ Kf8 25. Re2 Rg4 26. Rd8+ Rxd8 27.
Bxd8 Ne3 28. Bc6 Nd5 29. Rxe6 Nf4 30. Re5 Ng6 31. Rxf5+ Kg7 32. Rxa5 Nb8 33.
Bf3 1-0

[Event "Pardubice Czech op-A 30th"]
[Site "Pardubice"]
[Date "2019.07.24"]
[Round "6"]
[White "Gutman, Gennadi"]
[Black "Pesotskiy, Mikhail"]
[Result "1-0"]
[WhiteElo "2466"]
[BlackElo "2301"]
[PlyCount "71"]
[EventDate "2019.07.19"]
[EventType "swiss"]
[EventRounds "9"]
[EventCountry "CZE"]
[SourceTitle "CBM 191"]
[Source "ChessBase"]
[SourceDate "2019.08.31"]
[SourceVersion "1"]
[SourceVersionDate "2019.08.31"]
[SourceQuality "1"]

1. d4 Nf6 2. c4 e6 3. Nc3 Bb4 4. e3 O-O 5. Bd3 d5 6. a3 Bxc3+ 7. bxc3 dxc4 8.
Bxc4 c5 9. Nf3 Qc7 10. Ba2 Nbd7 11. O-O b6 12. Bb2 Bb7 13. Qe2 Rac8 14. Rac1 e5
15. Nxe5 Nxe5 16. dxe5 Qxe5 17. c4 Qg5 18. f3 Rfe8 19. Rce1 Rcd8 20. Bb1 Nd7
21. f4 Qh6 22. e4 Nf8 23. e5 Ne6 24. Qf2 Nd4 25. Re3 f5 26. Rfe1 Qe6 27. Bd3
Rd7 28. Qh4 Red8 29. Rh3 h6 30. Bf1 Nc2 31. Rc1 Be4 32. Qh5 Kh7 33. Bc3 Nxa3
34. Be1 Nc2 35. Bh4 g6 36. Qxh6+ 1-0